Statistiche per Paesi più vicini al Tagikistan

Clicka qui per fare il quiz!

Statistiche generali

  • Questo quiz è stato fatto 43 volte
  • Il punteggio medio è 17 su 20

Statistiche sulle risposte

kmnazione% Corretto
0Cina
100%
1273Russia
100%
277India
97%
16Pakistan
97%
0Uzbekistan
97%
593Iran
95%
1933Iraq
95%
59Kazakistan
95%
0Afghanistan
92%
1761Georgia
92%
965Nepal
92%
1784Armenia
90%
0Kirghizistan
90%
110Turkmenistan
90%
1707Bhutan
87%
1453Azerbaijan
85%
1529Mongolia
85%
1737Bangladesh
79%
1601Oman
38%
1649Emirati Arabi Uniti
33%

Distribuzione punteggi

Percentile per numero di risposta

Percentuale di utenti per punteggio

I tuoi punteggi nel tempo

Non hai fatto questo quiz